000 01049cam a22002895 4500
999 _c44422
_d44422
001 215412
005 20181023082546.0
008 831005s1969 pau b 00100 eng u
010 _a 69019042
_z62012948
035 _a(CStRLIN)NJPT08127372X
035 _a(CaOTULAS)108127372
035 _a(OCoLC)ocm00492241
130 0 0 _aBible.
_pO.T.
_pPentateuch.
_lEnglish.
_sJewish Publication Society.
_f1963.
245 1 0 _aNotes on the new translation of The Torah /
_cedited by Harry M. Orlinsky for the Committee for the Translation of The Torah.
250 _a1st ed.
260 0 _aPhiladelphia :
_bJewish Publication Society of America,
_cc1969.
300 _avi, 288 p. ;
_c22 cm.
336 _atext
337 _aunmediated
338 _avolume
500 _aIncludes index.
504 _aBibliography: p. [261]-270.
630 0 _aBible.
_pO.T.
_pPentateuch
_xCommentaries.
700 1 0 _aOrlinsky, Harry Meyer,
_d1908-
710 2 0 _aJewish Publication Society of America.
_bCommittee for the Translation of the Torah.
942 _2lcc
_cBK